000 00720nam a2200181Ia 4500
008 090124s9999 xx 000 0 und d
082 _b25680
100 _aनिर्मळे डॉ. हरिश्र्चंद्र
245 _a दलितांची नियतकालिके
250 _a0
260 _bसुगावा प्रकाशन
_c1987
300 _a158
600 _aनिर्मळे डॉ. हरिश्र्चंद्र
630 _a दलितांची नियतकालिके
700 _aनिर्मळे डॉ. हरिश्र्चंद्र
730 _a दलितांची नियतकालिके
942 _cBOOK
999 _c93468
_d93468